| 000 | 00640nam a2200229 a 4500 | ||
|---|---|---|---|
| 999 |
_c6071 _d6071 |
||
| 001 | 6071 | ||
| 003 | BD-JhCC | ||
| 005 | 20180102093702.0 | ||
| 008 | 171217s1995 bg |||| ||a| 000 0 ben d | ||
| 020 | _a9840732102 | ||
| 035 | _a(BD-JhCC) 6071 | ||
| 040 |
_aBD-JhCC _dBD-JhCC |
||
| 041 | _aben | ||
| 082 |
_a517.4 _bHUD 1995 |
||
| 100 | _aহুদা, মো:নুরুল | ||
| 245 |
_aভেদকলন / _cমো:নুরুল হুদা |
||
| 260 |
_aঢাকা : _bবাংলা একাডেমী ঢাকা , _c1995. |
||
| 300 |
_a191 p .: _c24 cm . |
||
| 650 | _aCalculas | ||
| 942 |
_2ddc _cBK |
||